logo

Bir Sreshtho Munshi Abdur Rouf Library
Jhenaidah Cadet College

Remaking American Politics / (Record no. 6533)

MARC details
000 -LEADER
fixed length control field 00648nam a22002417a 4500
001 - CONTROL NUMBER
JCCL Control Number 6533
003 - CONTROL NUMBER IDENTIFIER
JCCL marc code BD-JhCC
005 - DATE AND TIME OF LATEST TRANSACTION
control field 20180125172724.0
008 - FIXED-LENGTH DATA ELEMENTS--GENERAL INFORMATION
fixed length control field 180124b xxu||||| |||| 00| 0 eng d
020 ## - INTERNATIONAL STANDARD BOOK NUMBER
International Standard Book Number 0813304954
035 ## - SYSTEM CONTROL NUMBER
system control number (BD-JhCC)6533
040 ## - CATALOGING SOURCE
Original cataloging agency BD-JhCC
Modifying agency BD-JhCC
041 ## - LANGUAGE CODE
Language code of Book eng
082 ## - DEWEY DECIMAL CLASSIFICATION NUMBER
Classification number 320.973
Author mark and Year REM 1989
245 ## - TITLE STATEMENT
Title Remaking American Politics /
Statement of responsibility, etc edited by Richard A. Harris, Sidney M. Milkis
260 ## - PUBLICATION, DISTRIBUTION, ETC. (IMPRINT)
Place of publication, distribution, etc London :
Name of publisher, distributor, etc Westview Press,
Date of publication, distribution, etc 1989.
300 ## - PHYSICAL DESCRIPTION
Pagination 334 p. :
Dimensions 25 cm.
650 ## - SUBJECT ADDED ENTRY--TOPICAL TERM
Topical term or geographic name as entry element political participation
700 ## - ADDED ENTRY--PERSONAL NAME
Personal name Harris, Richard A.
700 ## - ADDED ENTRY--PERSONAL NAME
Personal name Milkis, Sidney M.
942 ## - ADDED ENTRY ELEMENTS (KOHA)
Source of classification or shelving scheme Dewey Decimal Classification
Koha item type Books
Holdings
Source of classification or shelving scheme Damaged status Not for loan Home library Current library Shelving location Total Checkouts Full call number Barcode Date last seen Copy number Koha item type
Dewey Decimal Classification     JCC Rouf Library JCC Rouf Library General Stacks   320.973 REM 1989 9009 01/24/2018 C - 1 Books

JCC Library | Contacts | JCC Home

Last Update on 23 September 2017
Copyright @ 2017-2020 JCC Rouf Library
Rouf Library, Jhenidah Cadet College (JCC), Bangladesh